| 000 | 00737nam a22001337a 4500 | ||
|---|---|---|---|
| 040 | _cRUA | ||
| 082 | _aFOR CHE 2013 B142 Or.1 | ||
| 100 | _aCHEAT, MEARDEY. | ||
| 245 | _aStudy on distribution of giant mimosa (mimosa pigra) at stueng sen core area kampong svay district kampong thom province, សិក្សាពីភាពរាយប៉ាយរបស់ដើមព្រះខ្លបយក្សនៅតំបន់ស្នូល ស្ទឹងត្រែង ស្រុកកំពង់ស្វាយ ខេត្តកណ្ដាល | ||
| 260 |
_aPhnom Penh _bRUA _c2013 |
||
| 300 |
_axii; 48p. _bill. _c29cm. |
||
| 856 | _uhttps://drive.google.com/file/d/1G9B1nWzkkijwsVf4jxheZM78Rm1KApk6/view?usp=sharing | ||
| 942 | _cFOR | ||
| 999 |
_c3427 _d3427 |
||